| 000 | 03046cam a2200373 i 4500 | ||
|---|---|---|---|
| 003 | SA-RiAUC | ||
| 005 | 20251015081344.0 | ||
| 008 | 251008s2004 ua g 000 0 ara c | ||
| 020 | _a9773411311 | ||
| 024 | 0 | _a00000000983986 | |
| 040 |
_aAE-DuMBRL _bara _cSA-RiAUC _erda |
||
| 050 | 4 | _b.K56 2004 | |
| 050 | 4 | _b.K55 | |
| 082 | 0 | 4 |
_a253.2 _qSA-RiAUC |
| 090 |
_a253.2 _bك ن ا |
||
| 100 | 1 |
_aالكناني، يحيى بن عمر بن يوسف، _d828-901 _eمؤلف. |
|
| 245 | 1 | 0 |
_aكتاب أحكام السوق / _cيحيى بن عمر الأندلسي ؛ قدم له وحققه الدكتور محمود علي مكي. |
| 246 | 3 | 0 | _aأحكام السوق |
| 250 | _aالطبعة الأولى. | ||
| 264 | 1 |
_aالقاهرة : _bمكتبة الثقافة الدينية، _c2004. |
|
| 300 |
_a90 صفحة ؛ _c24 × 17 سم |
||
| 336 |
_aنص _btxt _2rdacontent _3كتاب |
||
| 337 |
_aبدون وسيط _bn _2rdamedia |
||
| 338 |
_aمجلد _bnc _2rdacarrier |
||
| 505 | 0 | _aالمحتويات : تمهيد-كتاب احكام السوق-المؤلف يحيى بن عمر الكتاني : نشاطه العلمي ...-القضاء في الخبازين-القضاء في الجزارين-القضاء في الملاهي-في القدور المتخذة للخمر-القضاء في صاحب الحمام-في بكاء أهل الميت على الميت-الخروج إلى المقابر ...-فيمن يحفر حفيرا حول أرضه أو داره أو يحدث بابا لداره-في اليهود والنصارى يتشبهون بالمسلمين- | |
| 520 | _aيتناول كتاب (أحكام السوق) والذي قام بتأليفه يحيى بن عمر الأندلسي، موضوع (السوق) هذا الكتاب أول كتاب ألف في هذا الباب من أبواب الفقه الإسلامي، وهو يتحدث عن وجوب إشراف الدولة على ضبط حركة السوق بتعيين مراقبين، وتوحيد المكاييل والموازين، ومعاقبة المتلاعبين بتلك الأنظمة ولو بحرمانهم من الاتجار في السوق بإخراجهم منها. وهذا الكتاب مما احتفظ لنا به الونشريشي في كتابه "المعيار"، وقد رأى المؤلف استخراج هذه القطعة ونشرها مستقلة لما تبين لها من قيمتها التاريخية، ولما اشتملت عليه من أخبار قيمة تتعلق بالحياة الاجتماعية والاقتصادية في إفريقية والأندلس | ||
| 650 | 7 |
_aالبيع (فقه إسلامي) _2aucsh |
|
| 650 | 7 |
_aالأسواق (فقه إسلامي) _2aucsh |
|
| 650 | 7 |
_aالمعاملات (فقه إسلامي) _2aucsh |
|
| 700 | 1 |
_aمكي، محمود علي، _d1929-2013 _eمقدم. |
|
| 942 |
_2ddc _cBOOK _n0 |
||
| 949 |
_aSA-JeALM _d251008 _umohamedma123 _n1 |
||
| 999 |
_c12571 _d12571 |
||